Normal view MARC view

Entry Personal Name

Number of records used in: 1

001 - CONTROL NUMBER

  • control field: 26111

003 - CONTROL NUMBER IDENTIFIER

  • control field: OSt

005 - DATE AND TIME OF LATEST TRANSACTION

  • control field: 20220326102921.0

008 - FIXED-LENGTH DATA ELEMENTS

  • fixed length control field: 220326|| aca||aabn | a|a d

040 ## - CATALOGING SOURCE

  • Original cataloging agency: OSt
  • Transcribing agency: OSt

100 ## - HEADING--PERSONAL NAME

  • Personal name: Frame, Eileen M Skelly
  • Dates associated with a name: Frame, George M

670 ## - SOURCE DATA FOUND

  • Source citation: Work cat.: (OSt): James, Robinson W 26109, Instrumental analytical chemistry, 2021